Catálogo

COMUNICACION EMPRESARIAL : (Registro nro. 48812)

Detalles MARC
000 -LEADER
fixed length control field 00989nam a2200193 a 4500
001 - CONTROL NUMBER
control field 48812
005 - DATE AND TIME OF LATEST TRANSACTION
control field 20180714033240.0
008 - FIXED-LENGTH DATA ELEMENTS--GENERAL INFORMATION
fixed length control field 140415s2002 sp 000 0 spa d
020 ## - INTERNATIONAL STANDARD BOOK NUMBER
International Standard Book Number 8480887931
041 ## - LANGUAGE CODE
Language code of text/sound track or separate title spa
082 ## - DEWEY DECIMAL CLASSIFICATION NUMBER
Classification number 658.45
Item number PUT
100 1# - MAIN ENTRY--PERSONAL NAME
Personal name PUTNAM, LINDA L.
245 10 - TITLE STATEMENT
Title COMUNICACION EMPRESARIAL :
Remainder of title NUEVAS TENDENCIAS EN COMUNICACION PARA POTENCIAR LA ESTRATEGIA EMPRESARIAL
250 ## - EDITION STATEMENT
Edition statement 1a ed.
260 ## - PUBLICATION, DISTRIBUTION, ETC.
Place of publication, distribution, etc. ESPAÑA :
Name of publisher, distributor, etc. EDICIONES GESTION 2000,
Date of publication, distribution, etc. 2002
300 ## - PHYSICAL DESCRIPTION
Extent 294
Dimensions 16.5 x 0.8 x 23
520 ## - SUMMARY, ETC.
Summary, etc. ESTA OBRA ABORDA, TRAS EL ESTUDIO DE LAS TEORÍAS TRADICIONALES DE LA COMUNICACIÓN, LA NUEVA COLTURA DE LA EMPRESA, EN LA CUAL LA COMUNICACIÓN DEBE SER ENTENDIDA COMO ACCIÓN Y PERCEPCIÓN, MOVILIDAD E IMPACTO. PARA ELLO, APORTA MENSAJES DE ESTRATEGIA Y CREDIBILIDAD, ASÍ COMO UNA IMAGEN PÚBLICA DESTINADA A PERMANECER QUE AYUDE A CONFORMAR Y AL TIEMPO A PERCIBIR LA REALIDAD DE LA EMPRESA EN SU ENTORNO.
650 14 - SUBJECT ADDED ENTRY--TOPICAL TERM
Topical term or geographic name entry element COMUNICACION ORGANIZACIONAL
Existencias
Withdrawn status Lost status Source of classification or shelving scheme Damaged status Not for loan Collection code Home library Current library Shelving location Date acquired Source of acquisition Inventory number Total Checkouts Full call number Barcode Date last seen Date last checked out Price effective from Koha item type
    Dewey Decimal Classification     General Biblioteca Karol Wojtyla Biblioteca Karol Wojtyla Sala general 03/12/2013 Compra 151000000000000000013475 1 658.45 PUT 72859 05/01/2026 18/04/2022 03/12/2013 Libro